00599nam a2200229 a 4500001001300000003000900013005001700022008004100039020000800080082001300088100001500101245001800116260003200134300000900166500003500175505002400210700001500234902000800249942000700257952009000264999001500354nice12345678IN_TiNIC20260116011548.0050524s1891 lona grp 000 0 eng  ac000a201bCUL aCulross, J aWilliam Carey aLondon bNo Publisherc1891 a214p aincludes index and biblioraphy2 abibliography, index1 aCulross, J bSRS cBK 00104070aHMIbHMId2005-05-24g0.00l0o201 CULp714r2005-05-24w2026-01-16yARB c2622d2622